| 000 | 03869pam a2200553 i 4500 | ||
|---|---|---|---|
| 001 | 2021006241 | ||
| 003 | DLC | ||
| 005 | 20260107110351.0 | ||
| 008 | 210210s2021 nyu 000 1 spa | ||
| 010 | _a 2021006241 | ||
| 020 |
_a9781644210703 _q(pbk.) |
||
| 020 |
_z9781644210710 _q(ebk.) |
||
| 035 | _a(OCoLC)1237651947 | ||
| 040 |
_aDLC _beng _erda _cDLC _dTnLvILS |
||
| 041 | 1 |
_aspa _heng |
|
| 042 | _apcc | ||
| 043 |
_an-us-ny _anwdr--- |
||
| 050 | 1 | 0 |
_aPS3603.R89 _bD6618 2021 |
| 082 | 0 | 0 |
_a813/.6 _223 |
| 092 |
_aspanish fiction _bCruz, Angie |
||
| 100 | 1 |
_aCruz, Angie, _eauthor. _96457108 |
|
| 240 | 1 | 0 |
_aDominicana. _lSpanish |
| 245 | 1 | 0 |
_aDominicana / _cAngie Cruz ; traducción de Kianny N. Antigua. |
| 264 | 1 |
_aNew York : _bEditorial Siete Cuentos, _c[2021] |
|
| 300 |
_a399 pages ; _c21 cm |
||
| 336 | _atext | ||
| 337 | _aunmediated | ||
| 338 | _avolume | ||
| 520 | _a"On the last day of 1964, fifteen-year-old Ana Canción marries Juan Ruiz, a man twice her age, in the Dominican countryside. The following day she becomes Ana Ruiz, a wife confined to a one-bedroom in Washington Heights. Juan is unfaithful, abusive, and controlling, he even forbids her from learning English. After a failed escape, Ana learns she is pregnant. Both her mother and husband compare her pregnancy to winning the lottery, her child will have American citizenship. Juan returns briefly to the Dominican Republic when the civil war begins, leaving César, his brother, to care for Ana. During that respite from confinement she experiences true love, which awakens her will to fight for independence from her abuser and for the right to stay in her adopted homeland. A timeless portrait of womanhood and citizenship, which rings true in this era of forced migration"-- | ||
| 520 | _a"El último día de 1964, la quinceañera Ana Canción se casa con Juan Ruiz, un hombre veinte años mayor que ella, en el campo dominicano. Al día siguiente se vuelve Ana Ruiz, una esposa confinada a un apartamento de un cuarto en Washington Heights. Juan la engaña, abusa y controla, hasta le prohíbe aprender inglés. Después de un intento fallido de fuga, Ana se entera de que está embarazada. Su madre y su esposo comparan su embarazo a ganar la lotería, su niña tendrá ciudadanía estadounidense. Juan vuelve a la República Dominicana cuando la guerra civil comienza, dejando a César, su hermano, cuidando a Ana. Durante ese descanso del confinamiento ella se enamora genuinamente, lo cual despierta su voluntad de pelear por independizarse de su abusador y por su derecho de permanecer en su patria adoptiva. Un retrato atemporal de feminidad y ciudadanía, que sigue vigente en esta época de migración forzada." | ||
| 546 | _aText in Spanish, translated from the English. | ||
| 650 | 0 |
_aArranged marriage _vFiction. _95693703 |
|
| 650 | 7 |
_aMatrimonio arreglado _vNovela. _2bidex _96558338 |
|
| 650 | 0 |
_aImmigrants _vFiction. _95692789 |
|
| 650 | 7 |
_aEmigrantes _vNovela. _2bidex _96558339 |
|
| 650 | 0 |
_aFamilies _vFiction. _95674501 |
|
| 650 | 7 |
_aFamilias _vNovela. _2bidex _96558340 |
|
| 650 | 0 |
_aDominicans (Dominican Republic) _zNew York (State) _zNew York _vFiction. _96558341 |
|
| 650 | 7 |
_aDominicos (República Dominicana) _vNovela. _2bidex _96558343 |
|
| 651 | 0 |
_aDominican Republic _xHistory _yRevolution, 1965 _vFiction. _96558336 |
|
| 651 | 7 |
_aRepública Dominicana _xHistoria _vNovela. _2bidex _96558344 |
|
| 651 | 0 |
_aNew York (N.Y.) _vFiction. _95673704 |
|
| 655 | 7 |
_aDomestic fiction. _2lcgft |
|
| 655 | 7 |
_aHistorical fiction. _2lcgft |
|
| 655 | 7 |
_aBildungsromans. _2lcgft _9102642 |
|
| 700 | 1 |
_aAntigua, Kianny N., _etranslator. _96464223 |
|
| 776 | 0 | 8 |
_iOnline version: _aCruz, Angie. _tDominicana _dNew York : Siete Cuentos/Ocean Sur, [2021] _z9781644210710 _w(DLC) 2021006242 |
| 942 |
_2ddc _cBOOK |
||
| 999 |
_c414745 _d414745 |
||